000 01252nam a2200277Ia 4500
999 _c56278
_d56278
001 23391
003 GE_BSU
005 20260114211648.0
008 181216s1979||||ge |||||||||||||| ||geo||
040 _cGE_BSU
041 _ageo
080 _a94(479.22)"04 ლ-85
100 _aლორთქიფანიძე, მარიამ
_926687
245 _aქართლი მე- V საუკუნეის მეორე ნახევარში /
_cმარიამ ლორთქიფანიძე ; რედ.: გ.მამულია.
264 _aთბილისი :
_bმეცნიერება,
_c1979.
300 _a131 გვ. ;
_c21სმ.
500 _aსაძიებელი გვ.:125 ; შენიშვნ.გვ.; 114
520 _aრეზიუმე გვ. :100
541 _h2ლ.
653 _aისტორია
653 _aისტორიული მეცნიერებანი
653 _aსაქართველოს ისტორია
653 _aქართლი მე- V საუკუნეის მეორე ნახევარში
700 _aმამულია, გ.
_eრედაქტორი
_926688
942 _cBK
_2udc